[Event "WJCC U20 Open 2019"]
[Site "New Delhi"]
[Date "2019.10.22"]
[Round "8.35"]
[White "Papadiamandis, Elliot"]
[Black "Miciano, John Marvin"]
[Result "0-1"]
[WhiteElo "2190"]
[BlackElo "2345"]
[Annotator "TA"]
[PlyCount "70"]
[EventDate "2019.10.15"]
[EventType "swiss"]
[EventCountry "IND"]
[SourceTitle "playchess.com"]
[Source "ChessBase"]
[SourceQuality "1"]

{[%evp 23,70,16,20,-8,38,2,68,65,66,60,99,98,132,96,112,85,106,79,89,67,70,80,74,-2,56,34,34,24,27,31,79,16,50,52,51,23,16,17,25,31,41,39,37,0,6,8,0,0,17]} 1. e4 c6 2. d4 d5 3. Nc3 dxe4 4. Nxe4 Bf5 5. Ng3 Bg6 6. h4 h6 7. Nf3 e6 8. h5 Bh7 9. Bd3 Bxd3 10. Qxd3 Nf6 11. Bd2 Be7 12. O-O-O O-O 13. Qe2 {B19: Classical Caro-Kann: 4...Bf5 main line} (13. Kb1 c5 14. Be3 Nbd7 15. dxc5 Nxc5 16. Qxd8 Rfxd8 17. Ne5 Nd5 18. Bxc5 Bxc5 19. Ne4 Be7 20. c4 Nf6 21. Nxf6+ gxf6 {0-1 (47) Khachiyan,M (2522)-Nakamura,H (2781) chess.com INT 2018}) 13... b5 14. Nf1 Nbd7 (14... Qd5 $11) 15. g4 $1 $14 {White is slightly better.} Nh7 ({Don't go for} 15... Nxg4 $2 16. Rg1 $18) 16. Kb1 Nb6 $146 ({Predecessor:} 16... a5 17. Ng3 b4 18. Ne5 Nxe5 19. dxe5 Qb6 20. f4 a4 21. Be3 Qa5 {0-1 (44) Swaminathan,R (2086)-Balakrishnan,P (2041) ICC INT 2012}) 17. Ne5 Rc8 18. Bc1 Nd5 19. f4 a5 20. Rg1 a4 21. g5 $1 {[%cal Rg5h6]} hxg5 22. fxg5 Bxg5 {[#]} 23. Qg4 {[#]} ({White should try} 23. h6 $1 $16 {[%mdl 512]} g6 (23... gxh6 24. Qh2) 24. Ne3) 23... f5 (23... a3 $1 $11 {[%mdl 512]}) 24. Bxg5 {And now Qh4 would win.} (24. Qg2 {is more complex.} Bf6 25. Rd3 c5 26. Rg3 Rc7 27. Bh6) 24... fxg4 25. Bxd8 Rfxd8 26. Nxg4 c5 27. Nd2 (27. h6 $16) 27... cxd4 28. Nf3 Ne3 29. Nxe3 dxe3 30. Rde1 Rd5 31. Rxe3 {Strongly threatening h6.} Rxh5 32. Rxe6 Rf8 33. Ne1 Rhf5 {The position is equal.} 34. Reg6 R8f7 35. a3 Rd7 {[%mdl 32768] Accuracy: White = 52%, Black = 38%. . Loss on time!?} 0-1

[Event "WJCC U20 Open 2019"]
[Site "New Delhi"]
[Date "2019.10.22"]
[Round "8.36"]
[White "Rakesh Kumar Jena"]
[Black "Tifferet, Shaked"]
[Result "0-1"]
[WhiteElo "2355"]
[BlackElo "2224"]
[Annotator "TA"]
[PlyCount "118"]
[EventDate "2019.10.15"]
[EventType "swiss"]
[EventCountry "IND"]
[SourceTitle "playchess.com"]
[Source "ChessBase"]
[SourceQuality "1"]

{[%evp 11,118,2,11,24,16,8,16,4,18,-13,-13,-13,-10,-15,0,-7,0,0,0,0,0,-6,0,0,0,0,0,0,0,0,0,0,0,0,0,0,0,-70,1,0,6,-24,-25,-28,-17,-26,-21,-28,-42,-31,-22,-37,0,0,127,124,114,119,108,113,89,113,94,102,105,22,41,25,42,34,52,42,37,-51,-47,-42,-51,-35,-45,-120,-118,-577,-557,-577,-565,-588,-587,-587,-579,-580,-571,-560,-560,-4610,-4614,-991,-829,-775,-775,-769,-745,-668,-719,-641,-618,-29988,-29989,-990,-965]} 1. d4 Nf6 2. Nf3 d5 3. Bf4 c5 4. e3 Nc6 5. Nbd2 e6 6. c3 cxd4 7. exd4 {D02: 1 d4 d5 2 Nf3 sidelines, including 2...Nf6 3 g3 and 2...Nf6 3 Bf4} Nh5 8. Be3 (8. Bg5 f6 9. Be3 Bd6 10. g3 O-O 11. Nh4 g6 12. Be2 Ng7 13. O-O e5 14. dxe5 fxe5 {½-½ (59) Aronian,L (2767)-Nakamura,H (2777) chess.com INT 2018}) 8... Bd6 9. Ne5 {The position is equal.} g6 10. f4 (10. Ndf3 {keeps more tension.} f6 11. Ng4 O-O 12. g3 Kh8 13. Nh6) 10... f6 11. Nd3 Ng7 $146 ({Predecessor:} 11... O-O 12. Be2 Ng7 13. Nf3 b6 {½-½ (41) Milanovic,D (2488)-Menezes,C (2373) Austria 2017}) 12. Be2 b6 13. O-O O-O 14. Nf3 a5 15. a4 Qc7 16. Qd2 Ba6 17. g3 Nf5 18. Bf2 Be7 19. Nc1 Bb7 20. Bd3 Nd6 21. Qe2 Nd8 22. Nb3 Bc6 23. Nbd2 Qd7 24. h4 (24. b3 $11) 24... Qe8 (24... Bxa4 $15 25. Kg2 Bb5) 25. b3 Bd7 26. Kg2 h5 27. c4 Nc6 28. c5 Nf5 29. Bb5 Bd8 30. Rfe1 Kf7 31. Rac1 Bc7 (31... Rb8 {is more complex.} 32. Nf1 Bc7 33. Kg1 Na7 34. Bd3 Kg8) 32. cxb6 Bxb6 (32... Bd6 $11 {remains equal.}) 33. Bxc6 $1 $16 Bxc6 {[#]} 34. Qxe6+ $1 {[%mdl 576] Decoy} Qxe6 35. Rxe6 Kxe6 36. Rxc6+ {[%mdl 64] Double Attack} Kd7 37. Rxb6 Nd6 {Black wants to play ...Kc7.} 38. Ne5+ (38. b4 $1 $16) 38... fxe5 $11 39. dxe5 Nf5 40. Nf3 Rac8 41. Nd4 Nxd4 42. Rd6+ (42. Bxd4 $14 Rc2+ 43. Kf3) 42... Ke7 $15 {...Rc2 is the strong threat.} 43. Bxd4 {[%mdl 4096] Endgame KRR-KRB} Rc2+ 44. Kh3 Rfc8 45. Rxg6 {[#]} (45. f5 $15 gxf5 46. Rh6) 45... Rd2 $1 $17 {Hoping for ...Rc1.} 46. Rh6 $2 {[%mdl 8192]} (46. Be3 $17 Re2 47. Bd4) 46... Rxd4 $19 47. f5 {intending Rh7+.} Rf8 48. Rh7+ Rf7 49. Rxh5 Re4 50. e6 Rf8 51. Rh7+ Kf6 52. g4 Re3+ 53. Kg2 Rxb3 54. Rh6+ Ke7 55. Rh7+ {[#]} Kd6 $1 56. Rd7+ Ke5 {( -> ...Rc8)} 57. Rc7 Rfb8 58. h5 Rb2+ 59. Kg1 Kf4 {Accuracy: White = 52%, Black = 86%.} 0-1

[Event "WJCC U20 Open 2019"]
[Site "New Delhi"]
[Date "2019.10.22"]
[Round "8.37"]
[White "Doluweera, Minul Sanjula"]
[Black "O`Donnell, Conor"]
[Result "1-0"]
[WhiteElo "2191"]
[BlackElo "2345"]
[Annotator "RC"]
[PlyCount "59"]
[EventDate "2019.10.15"]
[EventType "swiss"]
[EventCountry "IND"]
[SourceTitle "playchess.com"]
[Source "ChessBase"]
[SourceQuality "1"]
[TimeControl "40/5400+30:1800+30"]

1. d4 Nf6 {[%emt 0:00:36]} 2. c4 {[%emt 0:00:06]} e6 {[%emt 0:00:33]} 3. Nf3 {[%emt 0:00:05]} d5 {[%emt 0:00:16]} 4. Nc3 {[%emt 0:00:04]} c5 {[%emt 0:04:08]} 5. e3 {[%emt 0:03:59]} cxd4 {[%emt 0:02:15]} 6. exd4 {[%emt 0:00:36]} Bb4 {[%emt 0:01:24]} 7. cxd5 {[%emt 0:01:38]} Nxd5 {[%emt 0:00:07]} 8. Bd2 {[%emt 0:00:02]} O-O {[%emt 0:01:21]} 9. Bd3 {[%emt 0:00:12]} Nc6 {[%emt 0:00:46]} 10. O-O {[%emt 0:00:06]} Be7 {[%emt 0:01:02]} 11. a3 {[%emt 0:14:33]} Bf6 {[%emt 0:03:24]} 12. Ne4 {[%emt 0:10:48]} Nxd4 {[%emt 0:09:01]} 13. Nxf6+ {[%emt 0:02:25]} Nxf6 {[%emt 0:09:46]} 14. Bb4 {[%emt 0:22:16]} Nxf3+ {[%emt 0:01:03]} 15. Qxf3 {[%emt 0:00:02]} Re8 {[%emt 0:00:32]} 16. Rad1 {[%emt 0:06:46]} Qb6 {[%emt 0:02:54]} 17. Bc3 {[%emt 0:16:42]} Nd5 {[%emt 0:06:35]} 18. Bxh7+ Kxh7 {[%emt 0:05:35]} 19. Qxf7 {[%emt 0:08:27]} Re7 {[%emt 0:03:57]} 20. Qf8 {[%emt 0:00:15]} Qc7 {[%emt 0:10:15]} 21. Rd4 {[%emt 0:01:01]} Rf7 {[%emt 0:07:01]} 22. Rh4+ {[%emt 0:02:20]} Kg6 {[%emt 0:00:03]} 23. Qh8 {[%emt 0:00:34]} Nxc3 {[%emt 0:01:40]} 24. Rg4+ {[%emt 0:01:17]} Kf6 {[%emt 0:01:54]} 25. Qh4+ {[%emt 0:00:07]} Ke5 {[%emt 0:00:12]} 26. bxc3 {[%emt 0:00:15]} Qxc3 {[%emt 0:07:09]} 27. Rd1 {[%emt 0:02:27]} Qc2 {[%emt 0:01:52]} 28. Rg5+ {[%emt 0:00:23]} Kf6 {[%emt 0:02:15]} 29. Rc5+ {[%emt 0:00:32]} g5 {[%emt 0:00:17]} 30. Qxg5# {[%emt 0:00:06]} 1-0

[Event "WJCC U20 Open 2019"]
[Site "New Delhi"]
[Date "2019.10.22"]
[Round "8.38"]
[White "Flores Quillas, Diego Saul Rodri"]
[Black "Sterck, Arno"]
[Result "0-1"]
[WhiteElo "2164"]
[BlackElo "2331"]
[Annotator "TA"]
[PlyCount "96"]
[EventDate "2019.10.15"]
[EventType "swiss"]
[EventCountry "IND"]
[SourceTitle "playchess.com"]
[Source "ChessBase"]
[SourceQuality "1"]

{[%evp 24,96,53,52,58,26,18,34,15,36,20,21,33,21,15,15,18,14,31,37,74,74,70,82,104,100,106,99,100,100,129,119,199,57,153,156,225,232,224,194,178,158,177,95,100,0,100,0,0,-243,-41,-203,-212,-191,-59,-1014,-993,-1019,-988,-1309,-1244,-1970,-2016,-1202,-414,-1211,-1239,-1813,-1204,-4802,-2291,-5189,-5052,-5506,-5139]} 1. e4 c5 2. Nf3 e6 3. d4 cxd4 4. Nxd4 Nc6 5. Nc3 Qc7 6. g3 a6 7. Bg2 Nf6 8. O-O Nxd4 9. Qxd4 Bc5 10. Bf4 d6 11. Qd2 h6 12. Rad1 e5 13. Be3 Bb4 {B47: Sicilian: Taimanov: 5 Nc3 Qc7 6 f4, 6 g3 and 6 Be2} (13... Be6 14. Bxc5 dxc5 15. Nd5 Bxd5 16. exd5 O-O 17. d6 Qb6 18. c4 Rad8 19. Rfe1 Rfe8 20. Bh3 Nh7 21. f4 {1-0 (60) Vidit,S (2715)-Van Foreest,J (2629) Riadh 2017}) 14. a3 (14. Nb5 $5 axb5 15. Qxb4 $14) 14... Bxc3 $1 15. Qxc3 Qxc3 {White is slightly better.} 16. bxc3 Be6 17. Rxd6 Rc8 18. Rb1 Rxc3 19. Rxb7 O-O 20. Ra7 Rxc2 $146 ({Predecessor:} 20... Ng4 21. Bd2 Rxa3 {1-0 (60) Rocco,F (2157)-Wadsworth,M (2418) Torquay 2019}) 21. h3 Rb8 22. Raxa6 Rb1+ 23. Kh2 Rb3 24. Ra5 Nd7 25. Ra8+ Kh7 26. a4 Ra2 27. a5 Nf6 (27... Rxe3 $16 28. fxe3 Nc5) 28. a6 (28. Rd2 $1 $18 {[%cal Rd2a2]} Ra4 29. a6) 28... Bc4 (28... Rxe3 $1 $14 29. fxe3 Nxe4) 29. Bc5 $1 $16 Ra5 (29... Bd3 $16) 30. a7 $1 $18 Rxc5 {[#]} 31. Rh8+ $1 {[%mdl 576] Decoy} Kxh8 32. a8=Q+ Kh7 33. Rd8 (33. Rc6 $1 $18 {[%cal Rc6c5]} Rxc6 34. Qxc6) 33... Be6 $16 34. Rh8+ Kg6 35. Qa1 (35. Rb8 $1 $16) 35... Rc2 $1 $11 {[%cal Rc2f2]} 36. Qxe5 $2 (36. Qe1 $11) 36... Rxf2 $2 (36... Rbb2 $1 $19 37. Rb8 Ra2) 37. Kg1 $2 {[#]} (37. Rb8 $1 $15 Nd7 38. Qxe6+ {[%mdl 64] Remove Defender} fxe6 39. Rxb3) 37... Rbb2 $1 $19 38. Bf1 {[#]} Rbd2 $40 {[%mdl 128] Black has some attack.} ({Better is} 38... Nd7 $1 $19 {[%cal Rd7e5]} 39. Qa5 f6) 39. Rb8 $2 {[%mdl 8192] [#]} (39. Qa5 $15) 39... Nd7 $1 {[%csl LRb8,LRe5][%mdl 576] Double Attack} 40. Qc7 Nxb8 41. Qxb8 Rf3 42. Qb1 Rxg3+ 43. Kh1 Rg5 (43... Rb3 $142 44. Qc1 Rdb2) 44. Qe1 (44. Qc1 $142 Ra2 45. h4) 44... Ra2 {Black is clearly winning.} 45. h4 Rga5 46. e5 Kh7 47. Bd3+ g6 48. Qc3 {[#]} R5a3 $1 {Accuracy: White = 28%, Black = 56%.} 0-1

[Event "WJCC U20 Open 2019"]
[Site "New Delhi"]
[Date "2019.10.22"]
[Round "8.39"]
[White "Risting, Eivind Olav"]
[Black "Vatsal Singhania"]
[Result "1-0"]
[WhiteElo "2289"]
[BlackElo "2157"]
[Annotator "RC"]
[PlyCount "90"]
[EventDate "2019.10.15"]
[EventType "swiss"]
[EventCountry "IND"]
[SourceTitle "playchess.com"]
[Source "ChessBase"]
[SourceQuality "1"]
[TimeControl "40/5400+30:1800+30"]

1. d4 {[%emt 0:00:00]} Nf6 {[%emt 0:00:00]} 2. c4 {[%emt 0:00:00]} e6 {[%emt 0:00:00]} 3. Nc3 {[%emt 0:00:00]} Bb4 {[%emt 0:00:00]} 4. e3 {[%emt 0:00:06]} O-O {[%emt 0:00:11]} 5. Bd2 {[%emt 0:00:31]} d5 {[%emt 0:00:40]} 6. cxd5 {[%emt 0:00:46]} exd5 {[%emt 0:00:12]} 7. Bd3 {[%emt 0:00:41]} Re8 {[%emt 0:01:59]} 8. Nf3 {[%emt 0:02:03]} c6 {[%emt 0:03:45]} 9. Qc2 {[%emt 0:14:02]} Nbd7 {[%emt 0:02:15]} 10. a3 {[%emt 0:02:25]} Bd6 {[%emt 0:00:06]} 11. h3 {[%emt 0:02:11]} Nf8 {[%emt 0:00:51]} 12. O-O {[%emt 0:05:04]} Bd7 {[%emt 0:04:58]} 13. Rfe1 {[%emt 0:04:04]} Qc8 {[%emt 0:01:36]} 14. e4 {[%emt 0:04:29]} dxe4 {[%emt 0:00:09]} 15. Nxe4 {[%emt 0:00:16]} Nxe4 {[%emt 0:00:06]} 16. Bxe4 {[%emt 0:00:17]} Ng6 {[%emt 0:07:52]} 17. Ng5 {[%emt 0:09:57]} Qc7 {[%emt 0:04:38]} 18. Qb3 {[%emt 0:07:57]} Rf8 {[%emt 0:01:05]} 19. Qf3 {[%emt 0:05:20]} h6 {[%emt 0:06:45]} 20. Bxg6 {[%emt 0:02:13]} hxg5 {[%emt 0:00:07]} 21. Bd3 {[%emt 0:07:22]} g4 {[%emt 0:05:22]} 22. hxg4 {[%emt 0:00:17]} Rfe8 {[%emt 0:03:43]} 23. g5 {[%emt 0:06:27]} Rxe1+ {[%emt 0:04:14]} 24. Rxe1 {[%emt 0:00:52]} Re8 {[%emt 0:00:06]} 25. Rxe8+ {[%emt 0:04:27]} Bxe8 {[%emt 0:00:04]} 26. Qe4 {[%emt 0:00:23]} Kf8 {[%emt 0:00:35]} 27. Qh7 {[%emt 0:01:13]} g6 {[%emt 0:00:25]} 28. Bc3 {[%emt 0:02:11]} a6 {[%emt 0:12:23]} 29. d5 {[%emt 0:02:20]} Be5 {[%emt 0:01:39]} 30. dxc6 {[%emt 0:04:33]} Bxc3 {[%emt 0:00:13]} 31. bxc3 {[%emt 0:00:12]} Qxc6 {[%emt 0:02:09]} 32. Qh8+ {[%emt 0:00:12]} Ke7 {[%emt 0:00:03]} 33. Qe5+ {[%emt 0:01:15]} Qe6 {[%emt 0:02:36]} 34. Qd4 {[%emt 0:04:57]} Qd6 {[%emt 0:02:05]} 35. Qxd6+ {[%emt 0:03:04]} Kxd6 {[%emt 0:00:04]} 36. f4 {[%emt 0:00:52]} Kc5 {[%emt 0:01:32]} 37. Kf2 {[%emt 0:00:42]} Bb5 {[%emt 0:00:58]} 38. Bb1 {[%emt 0:01:02]} Bc4 {[%emt 0:06:03]} 39. g4 {[%emt 0:03:56]} b5 {[%emt 0:04:15]} 40. Ke3 {[%emt 0:00:39]} Bd5 {[%emt 0:09:19]} 41. f5 {[%emt 0:01:49]} Kc4 {[%emt 0:00:42]} 42. fxg6 {[%emt 0:02:03]} fxg6 {[%emt 0:00:03]} 43. Bxg6 {[%emt 0:01:08]} Bg8 {[%emt 0:00:04]} 44. Be8 {[%emt 0:00:41]} Be6 {[%emt 0:02:32]} 45. g6 {[%emt 0:00:25]} Kd5 {Ke4+} 1-0

[Event "WJCC U20 Open 2019"]
[Site "New Delhi"]
[Date "2019.10.22"]
[Round "8.40"]
[White "Donoso Diaz, Sebastian"]
[Black "Aravena Navarro, Alexis Andres"]
[Result "1-0"]
[WhiteElo "2203"]
[BlackElo "2023"]
[Annotator "TA"]
[PlyCount "71"]
[EventDate "2019.10.15"]
[EventType "swiss"]
[EventCountry "IND"]
[SourceTitle "playchess.com"]
[Source "ChessBase"]
[SourceQuality "1"]

{[%evp 18,71,52,51,64,76,75,64,62,58,132,128,215,196,196,199,205,210,187,156,247,113,169,155,156,174,147,160,339,366,355,351,275,199,194,188,204,111,370,379,383,153,377,381,370,369,350,348,425,417,518,518,518,495,29995,29996]} 1. c4 Nf6 2. Nc3 g6 3. d4 Bg7 4. e4 d6 5. h3 O-O 6. Be3 Nbd7 7. Nf3 e5 8. d5 Nc5 9. Nd2 a5 10. g4 Nfd7 {E90: King's Indian: Classical: Early deviations and 6 h3} (10... c6 11. Be2 a4 12. h4 Qa5 13. f3 a3 14. Qc2 axb2 15. Qxb2 h5 16. g5 Nfd7 17. O-O f6 18. Kg2 Qd8 19. Nb3 fxg5 20. hxg5 {½-½ (67) Nepomniachtchi,I (2757)-Grischuk,A (2766) chess.com INT 2018}) 11. h4 f5 12. gxf5 gxf5 {White is slightly better.} 13. exf5 Nf6 ({Better is} 13... e4 $14) 14. h5 {Threatens to win with Bxc5.} Bxf5 (14... h6 $16) 15. h6 $146 ({Predecessor:} 15. Rg1 Kf7 16. Nf3 Qe7 17. Rg5 Be4 18. Bxc5 Bxf3 19. Qxf3 dxc5 {½-½ (31) Leutwyler,M (2123)-Harringer,F (2272) Austria 2013}) 15... Bh8 16. Rg1+ Kf7 17. Bxc5 dxc5 18. Nf3 $36 {[%mdl 2048] Rg5 is the strong threat. White is really pushing.} Ng4 (18... Ke8 $16) 19. Qd2 (19. Bd3 $18 {and the rest is easy.} Bc8 20. Ne4 (20. Bxh7 Ra6 $16)) 19... Rg8 (19... Ke8 $16 {was necessary.}) 20. O-O-O $1 e4 21. Qf4 $1 {[%csl LRe4,LRf5][%mdl 64] Double Attack} Bxc3 22. Rxg4 ({Of course not} 22. bxc3 $6 Qf6 $11) 22... Bxb2+ $2 (22... Qf6 $16 23. Qxc7+ Kf8 24. Qxc5+ Kf7 25. Qc7+ {[%mdl 64] Double Attack} Kf8 26. Qc5+ Kf7 27. Qc7+ {[%mdl 64] Double Attack} Kf8 28. Qc5+) 23. Kxb2 Qf6+ 24. Ne5+ Ke7 25. Rg7+ Rxg7 26. hxg7 {Strongly threatening Ka3.} Kd6 {[#]} 27. Bh3 (27. Qh6 $1 $18 {[%cal Rh6f6]} Ke7 28. Qxf6+ (28. Qf4 Kd6 $18) 28... Kxf6 29. f4) 27... Qxg7 $2 {[%mdl 8192]} (27... Qxe5+ $16 {keeps fighting.} 28. Qxe5+ Kxe5) 28. Qxf5 {[%csl Gd5,Gh3][%cal Rf5e6]} ({Not} 28. Bxf5 Qxe5+ 29. Qxe5+ Kxe5 $18) 28... Qxe5+ 29. Qxe5+ Kxe5 $16 {[%mdl 4096] Endgame [#] KRB-KR} 30. d6 $1 cxd6 31. Rd5+ Kf6 32. Rxd6+ Kg5 33. Rd5+ Kh4 34. Bf5 b6 35. Bxe4 {Threatening mate with Bf3.} Re8 (35... Rf8 $18 36. Bxh7 Rxf2+ 37. Ka3 Rf6) 36. Bf3 {Accuracy: White = 75%, Black = 36%.} 1-0

[Event "WJCC U20 Open 2019"]
[Site "New Delhi"]
[Date "2019.10.22"]
[Round "8.41"]
[White "Lama, Milan"]
[Black "Cansun, Can Alp"]
[Result "0-1"]
[WhiteElo "1976"]
[BlackElo "2199"]
[Annotator "TA"]
[PlyCount "34"]
[EventDate "2019.10.15"]
[EventType "swiss"]
[EventCountry "IND"]
[SourceTitle "playchess.com"]
[Source "ChessBase"]
[SourceQuality "1"]

{[%evp 26,90,-18,-19,-13,-111,-92,-83,-87,-115,-86,-127,-121,-184,-184,-192,-188,-194,-189,-190,-154,-338,-330,-317,-306,-306,-305,-305,-301,-296,-197,-401,-401,-389,-393,-371,-371,-360,-335,-307,-236,-262,-239,-229,-239,-235,-239,-879,-861,-825,-834,-706,-607,-896,-857,-847,-865,-2020,-1710,-29979,-29980,-7046,-6284,-29976,-8,-29975,-4582]} 1. e4 c5 2. c3 Nf6 3. e5 Nd5 4. d4 cxd4 5. Nf3 e6 6. cxd4 d6 7. exd6 Bxd6 8. Nc3 Nxc3 9. bxc3 Qc7 10. Bd2 Nd7 11. Bd3 b6 12. O-O Bb7 13. h3 O-O 14. Re1 Rac8 {B22: Sicilian: 2 c3} 15. Ne5 (15. Rc1 $11) (15. Rc1 Bf4 16. Ne5 Bxd2 17. Qxd2 Nxe5 18. Rxe5 Rfd8 19. Rh5 g6 20. Qh6 f5 21. Rh4 e5 22. Bxf5 gxf5 23. Rh5 Rd6 24. Rg5+ Kh8 {0-1 (24) Barskij,V (2389)-Jumabayev,R (2633) Riga 2019}) 15... Nxe5 16. dxe5 Bc5 $146 {Black is better.} ({Predecessor:} 16... Bxe5 17. Bxh7+ Kxh7 18. Qh5+ Kg8 19. Rxe5 Rfd8 20. Bf4 Qxc3 {½-½ (33) Strajnic,D (2243)-Pantovic,D (2164) Novi Sad 2009}) 17. Bg5 f5 {Played: f7-f6} 0-1

[Event "WJCC U20 Open 2019"]
[Site "New Delhi"]
[Date "2019.10.22"]
[Round "8.42"]
[White "Li, William"]
[Black "De Silva, L M S T"]
[Result "1-0"]
[WhiteElo "2161"]
[BlackElo "1879"]
[Annotator "TA"]
[PlyCount "79"]
[EventDate "2019.10.15"]
[EventType "swiss"]
[EventCountry "IND"]
[SourceTitle "playchess.com"]
[Source "ChessBase"]
[SourceQuality "1"]

{[%evp 22,169,29,16,20,22,26,16,29,22,27,-58,-57,-67,-58,-47,0,0,0,0,0,0,108,88,305,303,280,287,386,368,405,479,459,479,482,485,483,476,481,478,477,472,464,456,436,433,405,331,326,322,319,283,507,278,615,559,551,601,596,585,594,594,569,570,556,534,530,467,432,428,908,889,1195,1190,1053,1027,720,399,365,325,313,310,300,124,298,278,622,650,571,463,668,654,763,484,1283,1514,1354,196,167,124,614,941,827,649,1191,1147,1211,1199,1020,1071,1054,1047,1013,995,988,1048,1368,1124,2668,1862,2679,2481,29984,29985,29985,29986,29985,29987,29988,29988,29988,29987,29987,29986,29986,29987,29987,29986,29989,29988,29996,29989,29990,29991,29991,29992,29992,29993,29997,29996]} 1. e4 e5 2. Nf3 Nc6 3. Bb5 a6 4. Ba4 Nf6 5. O-O Be7 6. Re1 b5 7. Bb3 d6 8. c3 O-O 9. h3 Na5 10. Bc2 c5 11. d4 Nd7 12. d5 Nb6 {C96: Closed Ruy Lopez: Chigorin Defence: 11 d4, replies other than 11...Qc7} 13. b3 (13. Nbd2 Bd7 14. Nf1 Nb7 15. Ng3 a5 16. Nf5 Bf6 17. g4 g6 18. Ng3 c4 19. Be3 Nc5 20. Qd2 {1-0 (40) Sjugirov,S (2661)-Chigaev,M (2637) Sochi 2019}) 13... f5 14. exf5 Bxf5 {The position is equal.} 15. Bxf5 Rxf5 16. c4 $146 (16. Re4 $11) ({Predecessor:} 16. Re4 Qd7 17. Na3 Raf8 18. Be3 Rxf3 19. gxf3 Qxh3 20. c4 bxc4 21. Nxc4 Naxc4 22. bxc4 {0-1 (28) Hacker,J (2369)-Klekowski,M (2499) Germany 2019}) 16... e4 $1 $15 {[%cal Re4f3]} 17. Rxe4 {Strongly threatening Na3.} Bf6 $1 {[%cal Rf6a1]} 18. Bd2 b4 (18... Bxa1 $6 19. Bxa5 Rb8 20. Nbd2 $16) (18... Naxc4 $5 19. Bc3 Nxd5 20. Bxf6 Nxf6 $15) 19. Na3 $1 {[%cal Bb1a3,Ba3c2,Bc2e3,Be3g4][%mdl 96] And now Rb1 would win. Pin} Bxa1 20. Qxa1 Qf6 21. Qe1 Rf8 (21... Nd7 $11) 22. Nc2 $16 {[%mdl 1024] White has strong compensation.} Qb2 $2 (22... Nd7 $16 {was called for.}) 23. Ne3 $18 R5f7 (23... Rxf3 $6 24. gxf3 h5 25. Re7 $18 (25. Re6 Qxa2 26. Nf5 Rxf5 $11)) 24. Ng4 $1 h5 (24... Qxa2 25. Ng5 $18) 25. Ng5 hxg4 26. Nxf7 Rxf7 27. Re8+ Kh7 28. Qe4+ $1 g6 {[#]} 29. Qe3 $1 {[%csl Gd2][%cal Re3h6][%mdl 512]} Qg7 30. hxg4 Rf8 31. Re6 (31. Re7 Rf7 $16) 31... Rf6 32. Qh3+ (32. Re7 Rf7 $16) 32... Kg8 33. Bh6 Qf7 34. Qe3 {Threatens to win with Re8+.} Rxe6 35. dxe6 Qe8 36. Qf4 Qe7 $2 (36... Kh7 37. Bf8 (37. Qxd6 Kxh6 38. Qxb6 Nc6 $11) 37... Kg8) 37. Qe4 Kh7 $2 {[#]} (37... Qe8 38. Qf4 Kh7) 38. Bg5 $1 {[%cal Rg5e7][%mdl 512]} Qe8 (38... Qxg5 39. e7) 39. Bf6 {Threatening mate with Qe3!} Kg8 {[#] If Black can now play ...Nc6 this consolidates a bit.} 40. Bd8 {Played: Qe4-e3} 1-0

[Event "WJCC U20 Open 2019"]
[Site "New Delhi"]
[Date "2019.10.22"]
[Round "8.43"]
[White "Hamad Essam"]
[Black "Maltezeanu, Stefan"]
[Result "1/2-1/2"]
[WhiteElo "1849"]
[BlackElo "2102"]
[Annotator "ChessBase"]
[PlyCount "86"]
[EventDate "2019.10.15"]
[EventType "swiss"]
[EventCountry "IND"]
[SourceTitle "playchess.com"]
[Source "ChessBase"]
[SourceQuality "1"]
[TimeControl "40/5400+30:1800+30"]

1. e4 c5 {[%emt 0:00:00]} 2. Nf3 {[%emt 0:00:00]} e6 {[%emt 0:00:00]} 3. d4 {[%emt 0:01:13]} cxd4 {[%emt 0:00:00]} 4. Nxd4 {[%emt 0:00:02]} Nf6 {[%emt 0:00:07]} 5. Nc3 {[%emt 0:00:04]} Bb4 {[%emt 0:00:02]} 6. Bd3 {[%emt 0:03:47]} Nc6 {[%emt 0:01:19]} 7. Be3 {[%emt 0:05:52]} d5 {[%emt 0:03:32]} 8. Nxc6 {[%emt 0:06:06]} bxc6 {[%emt 0:00:10]} 9. exd5 {[%emt 0:00:11]} cxd5 {[%emt 0:01:02]} 10. O-O {[%emt 0:00:21]} O-O {[%emt 0:00:25]} 11. Bd4 {[%emt 0:04:36]} Re8 {[%emt 0:06:06]} 12. f4 {[%emt 0:00:52]} a5 {[%emt 0:04:40]} 13. Qe2 {[%emt 0:01:40]} Qe7 {[%emt 0:03:59]} 14. Kh1 {[%emt 0:11:21]} Bb7 {[%emt 0:04:36]} 15. Rf3 {[%emt 0:03:56]} Bc5 {[%emt 0:01:57]} 16. Be5 {[%emt 0:01:17]} d4 {[%emt 0:12:15]} 17. Ne4 {[%emt 0:18:44]} Nxe4 {[%emt 0:03:20]} 18. Bxe4 {[%emt 0:00:03]} f6 {[%emt 0:04:42]} 19. Rh3 {[%emt 0:04:48]} h6 {[%emt 0:01:04]} 20. Bxf6 {[%emt 0:06:08]} gxf6 {[%emt 0:14:07]} 21. Qg4+ {[%emt 0:01:55]} Qg7 {[%emt 0:06:31]} 22. Qxg7+ {[%emt 0:01:43]} Kxg7 {[%emt 0:00:04]} 23. Bxb7 {[%emt 0:00:07]} Rab8 {[%emt 0:01:20]} 24. Bc6 {[%emt 0:00:11]} Re7 {[%emt 0:01:42]} 25. b3 {[%emt 0:02:00]} Bd6 {[%emt 0:04:41]} 26. Rf1 {[%emt 0:00:29]} Rc8 {[%emt 0:01:26]} 27. Be4 {[%emt 0:00:08]} Rc3 {[%emt 0:00:14]} 28. Rxc3 {[%emt 0:00:54]} dxc3 {[%emt 0:00:07]} 29. Rf3 {[%emt 0:04:01]} f5 {[%emt 0:01:11]} 30. Bc6 {[%emt 0:03:05]} Rc7 {[%emt 0:03:28]} 31. Bb5 {[%emt 0:02:19]} Bb4 {[%emt 0:05:47]} 32. Kg1 {[%emt 0:02:25]} Kf6 {[%emt 0:00:25]} 33. Kf1 {[%emt 0:00:27]} Rc5 {[%emt 0:00:19]} 34. Bc4 {[%emt 0:00:15]} e5 {[%emt 0:01:29]} 35. fxe5+ {[%emt 0:01:03]} Rxe5 {[%emt 0:00:37]} 36. Bd3 {[%emt 0:02:27]} Kg5 {[%emt 0:00:46]} 37. Rg3+ {[%emt 0:00:18]} Kf6 {[%emt 0:01:28]} 38. Rf3 {[%emt 0:00:30]} Kg5 {[%emt 0:00:05]} 39. Rg3+ {[%emt 0:00:06]} Kf6 {[%emt 0:00:03]} 40. Rg8 {[%emt 0:02:02]} Rd5 {[%emt 0:01:43]} 41. h4 {[%emt 0:32:40]} Bc5 {[%emt 0:31:38]} 42. Rc8 {[%emt 0:02:55]} Ke7 {[%emt 0:03:18]} 43. Ke2 {[%emt 0:03:47]} Kd7 {[%emt 0:00:40]} 1/2-1/2